World english : (Record no. 330077)

MARC details
000 -LEADER
fixed length control field 01218nam a2200361 a 4500
001 - CONTROL NUMBER
control field vtls000374455
003 - CONTROL NUMBER IDENTIFIER
control field NLI
005 - DATE AND TIME OF LATEST TRANSACTION
control field 20210602175621.0
008 - FIXED-LENGTH DATA ELEMENTS--GENERAL INFORMATION
fixed length control field 110113s2009 enk e 001 0 eng d
020 ## - INTERNATIONAL STANDARD BOOK NUMBER
International Standard Book Number 9780415466110
Terms of availability £65.00
039 #9 - LEVEL OF BIBLIOGRAPHIC CONTROL AND CODING DETAIL [OBSOLETE]
Level of rules in bibliographic description 201702071202
Level of effort used to assign nonsubject heading access points sukantap
-- 201101132301
-- VLOAD
040 ## - CATALOGING SOURCE
Original cataloging agency NLI :
Language of cataloging eng
Transcribing agency NLMARC21
041 0# - LANGUAGE CODE
Language code of text/sound track or separate title eng
044 ## - COUNTRY OF PUBLISHING/PRODUCING ENTITY CODE
MARC country code enk
082 04 - DEWEY DECIMAL CLASSIFICATION NUMBER
Classification number 427
Edition number 22
100 1# - MAIN ENTRY--PERSONAL NAME
Personal name Jenkins, Ennifer
9 (RLIN) 555320
245 10 - TITLE STATEMENT
Title World english :
Remainder of title a resource book for students/
Statement of responsibility, etc. Jennifer Jenkins
250 ## - EDITION STATEMENT
Edition statement 2nd ed.
260 ## - PUBLICATION, DISTRIBUTION, ETC.
Place of publication, distribution, etc. London :
Name of publisher, distributor, etc. Routledge,
Date of publication, distribution, etc. 2009
300 ## - PHYSICAL DESCRIPTION
Extent xvi, 256 p.;
Dimensions 25 cm.
504 ## - BIBLIOGRAPHY, ETC. NOTE
Bibliography, etc. note Includes bibliographical references and index
650 #0 - SUBJECT ADDED ENTRY--TOPICAL TERM
Topical term or geographic name entry element English language
General subdivision Variation
Form subdivision English speaking countries
9 (RLIN) 555321
650 #0 - SUBJECT ADDED ENTRY--TOPICAL TERM
Topical term or geographic name entry element English language
General subdivision Commonwealth countries
9 (RLIN) 555322
650 #0 - SUBJECT ADDED ENTRY--TOPICAL TERM
Topical term or geographic name entry element English language
General subdivision Foreign countries
9 (RLIN) 132717
887 ## - NON-MARC INFORMATION FIELD
Content of non-MARC field BKM
901 ## - LOCAL DATA ELEMENT A, LDA (RLIN)
a 563208
b 12.8.10
902 ## - LOCAL DATA ELEMENT B, LDB (RLIN)
a E/O 427 J 411
904 ## - LOCAL DATA ELEMENT D, LDD (RLIN)
a BKM
942 ## - ADDED ENTRY ELEMENTS (KOHA)
Source of classification or shelving scheme Dewey Decimal Classification
Koha item type Books
949 ## - LOCAL PROCESSING INFORMATION (OCLC)
-- VIRTUAITEM
-- 10012
-- 100
6 PUR000563208ENG
Holdings
Withdrawn status Lost status Damaged status Not for loan Collection code Home library Current library Shelving location Date acquired Total Checkouts Full call number Barcode Date last seen Price effective from Koha item type
        New English Oversized National Library of India National Library of India New English Oversized - Main Stack Division     E/O 427 J 411 PUR000563208ENG 02/06/2021 02/06/2021 Books
                                                                           
web counter

Copyright ©2020 The National Library of India, Govt. of India ↔ Hosted by NVLI, MOC ↔ Technology and Design by National Library of India, Ministry of Culture, Govt. of India